[Event "Challenge"]
[Site "http://www.queenalice.com/game.php?id=570296"]
[Date "2009.4.11"]
[Round "-"]
[White "ronaldo_adria"]
[Black "saimon"]
[Result "1-0"]
[WhiteElo "1100"]
[BlackElo "1510"]

1. e4 e5 2. d3 Nc6 3. Nf3 Bb4+ 4. c3 Bd6 5. g3 Nf6 6. Na3 O-O 7. Bh3 Bc5 8. O-O
d5 9. b4 Bd6 10. Bg2 Be6 11. Be3 dxe4 12. dxe4 Nxe4 13. Qd3 1-0

[Event "Revanche"]
[Site "http://www.queenalice.com/game.php?id=571584"]
[Date "2009.4.14"]
[Round "-"]
[White "Luke1416"]
[Black "saimon"]
[Result "1-0"]
[WhiteElo "1612"]
[BlackElo "1522"]

1. e4 e5 2. Nf3 Nc6 3. h3 Nf6 4. d3 Bb4+ 5. c3 Ba5 6. b4 Bb6 7. a4 d5 8. a5 Nxa5
9. bxa5 Bc5 10. Ba3 b6 11. Bxc5 1-0

[Event "Challenge"]
[Site "http://www.queenalice.com/game.php?id=635625"]
[Date "2009.8.13"]
[Round "-"]
[White "WILSONCSQ"]
[Black "saimon"]
[Result "1-0"]
[WhiteElo "1537"]
[BlackElo "1532"]

1. e4 e5 2. Nf3 Nf6 3. Nc3 Nc6 4. Bd3 d6 5. O-O Be6 6. a3 d5 7. Ng5 Bc5 8. b4
Bd4 9. b5 Nd7 10. Qh5 g6 11. Qh6 Qe7 12. bxc6 bxc6 13. Be2 O-O-O 14. d3 Bxc3 15.
Rb1 Nf6 16. Rb3 Qc5 17. Nxe6 fxe6 18. Qg7 Rdf8 19. a4 Ne8 20. Qh6 dxe4 21. Ba3
Qd5 22. Bxf8 exd3 23. Bxd3 e4 24. Ba6+ Kd8 25. Rxc3 Qd4 26. Rxc6 Qxa4 27. Rxe6
Qxc2 28. Qg5+ Kd7 29. Qe7# 1-0

[Event "AUTO-OPEN-1687"]
[Site "http://www.queenalice.com/game.php?id=650830"]
[Date "2009.9.12"]
[Round "1"]
[White "cunha"]
[Black "saimon"]
[Result "1-0"]
[WhiteElo "2642"]
[BlackElo "1501"]

1. e4 e5 2. Nf3 Nc6 3. Bb5 Nf6 4. O-O a6 5. Ba4 d5 6. exd5 Nxd5 7. Nxe5 Bd6 8.
Nxc6 bxc6 9. Bxc6+ Kf8 10. Bxa8 Nb6 11. Bc6 Qf6 12. Qf3 Bd7 13. Qxf6 gxf6 14.
Bxd7 Nxd7 15. d4 c5 16. Bh6+ Kg8 17. f4 cxd4 18. Rf3 Nc5 19. Rg3# 1-0

[Event "AUTO-OPEN-1687"]
[Site "http://www.queenalice.com/game.php?id=650831"]
[Date "2009.9.12"]
[Round "1"]
[White "saimon"]
[Black "cunha"]
[Result "0-1"]
[WhiteElo "1495"]
[BlackElo "2647"]

1. e4 c5 2. Nc3 Nc6 3. Nf3 Nf6 4. Bd3 g6 5. O-O Bg7 6. Be2 O-O 7. d4 cxd4 8. Nb5
Nxe4 9. Qd3 Nc5 10. Nbxd4 Nxd3 11. Bxd3 Nxd4 12. Nxd4 Bxd4 13. c3 Bg7 14. b4
Bxc3 15. Ba3 Bxa1 16. Rxa1 d5 17. Rd1 e5 18. Bc2 Bf5 0-1

[Event "AUTO-OPEN-1687"]
[Site "http://www.queenalice.com/game.php?id=650858"]
[Date "2009.9.12"]
[Round "1"]
[White "ReidoBaralho"]
[Black "saimon"]
[Result "1-0"]
[WhiteElo "1588"]
[BlackElo "1493"]

1. e4 e5 2. Qh5 Nc6 3. Bc4 Nf6 4. Qf3 d5 5. exd5 Nd4 6. Qd3 Bf5 7. Qc3 Nxc2+ 8.
Kd1 Nxa1 9. d3 Nxd5 10. Qxe5+ Qe7 11. Qxd5 g6 12. Qxb7 Qd8 13. Nf3 Rb8 14. Qc6+
Qd7 15. Bxf7+ 1-0

[Event "AUTO-OPEN-1687"]
[Site "http://www.queenalice.com/game.php?id=650859"]
[Date "2009.9.12"]
[Round "1"]
[White "saimon"]
[Black "ReidoBaralho"]
[Result "0-1"]
[WhiteElo "1516"]
[BlackElo "1544"]

1. e4 e5 2. Nc3 Bc5 3. Nf3 d6 4. Bb5+ c6 5. Bd3 Qb6 6. O-O Nf6 7. Na4 Qd8 8. Nh4
Ng4 9. Nf5 Bxf5 10. exf5 Qh4 11. g3 Qxh2# 0-1

[Event "AUTO-OPEN-1687"]
[Site "http://www.queenalice.com/game.php?id=650876"]
[Date "2009.9.12"]
[Round "1"]
[White "odin2"]
[Black "saimon"]
[Result "1-0"]
[WhiteElo "1921"]
[BlackElo "1497"]

1. d4 d5 2. Nf3 Nf6 3. g3 Nc6 4. Bg2 e5 5. e3 Ne4 6. Nbd2 Bd6 7. dxe5 Bb4 8. c3
Be7 9. Nxe4 dxe4 10. Nd4 O-O 11. Bxe4 Nxe5 12. O-O c5 13. Nc2 Bg4 14. Qxd8 Raxd8
15. b4 a5 16. bxa5 Nf3+ 17. Bxf3 1-0

[Event "AUTO-OPEN-1687"]
[Site "http://www.queenalice.com/game.php?id=650877"]
[Date "2009.9.12"]
[Round "1"]
[White "saimon"]
[Black "odin2"]
[Result "0-1"]
[WhiteElo "1499"]
[BlackElo "1919"]

1. d4 d5 2. Nf3 Nf6 3. Nc3 Bg4 4. h3 Bxf3 5. exf3 e6 6. Be2 Nbd7 7. O-O Bb4 8.
Bg5 O-O 9. h4 h6 10. Bf4 c6 11. a3 Bxc3 12. bxc3 Re8 13. Be3 e5 14. c4 exd4 15.
Bxd4 c5 16. Be3 d4 0-1

[Event "AUTO-INT-1951"]
[Site "http://www.queenalice.com/game.php?id=898837"]
[Date "2011.2.11"]
[Round "1"]
[White "saimon"]
[Black "daddyrat"]
[Result "0-1"]
[WhiteElo "1459"]
[BlackElo "1706"]

1. e4 e5 2. Nc3 Nf6 3. Nf3 Nc6 4. Be2 h6 5. O-O d5 6. d4 dxe4 7. dxe5 Ng4 8. Bd2
Ncxe5 9. Nxe5 Nxe5 10. Nxe4 Bd6 11. Bf3 Be6 12. Be3 Qh4 0-1

[Event "AUTO-INT-1951"]
[Site "http://www.queenalice.com/game.php?id=898838"]
[Date "2011.2.11"]
[Round "1"]
[White "daddyrat"]
[Black "saimon"]
[Result "1-0"]
[WhiteElo "1712"]
[BlackElo "1453"]

1. e4 e5 2. Nf3 Nc6 3. Nc3 Nf6 4. d4 Qe7 5. d5 Nd8 6. a3 d6 7. h3 Bd7 8. Bb5 a6
9. Bxd7+ Qxd7 10. Be3 Be7 11. Qd2 O-O 12. Ng5 h6 13. Nf3 1-0

[Event "AUTO-INT-1951"]
[Site "http://www.queenalice.com/game.php?id=898839"]
[Date "2011.2.11"]
[Round "1"]
[White "saimon"]
[Black "jgces"]
[Result "0-1"]
[WhiteElo "1438"]
[BlackElo "1995"]

1. e4 e6 2. Nc3 d5 3. Nf3 Nf6 4. Bb5+ c6 5. Bd3 dxe4 6. Nxe4 Nxe4 7. Bxe4 Nd7 8.
d3 Nf6 9. O-O Nxe4 10. dxe4 Qxd1 11. Rxd1 Be7 12. Bg5 f6 13. e5 fxg5 0-1

[Event "AUTO-INT-1951"]
[Site "http://www.queenalice.com/game.php?id=898840"]
[Date "2011.2.11"]
[Round "1"]
[White "jgces"]
[Black "saimon"]
[Result "1-0"]
[WhiteElo "1975"]
[BlackElo "1447"]

1. d4 d5 2. c4 Nf6 3. Nc3 Nc6 4. Nf3 e6 5. Bg5 Qe7 6. cxd5 h6 7. Bxf6 gxf6 8.
dxc6 bxc6 9. e3 h5 10. Qa4 Bb7 11. d5 exd5 12. Nxd5 Qc5 13. Nxc7+ 1-0

[Event "AUTO-OPEN-2261"]
[Site "http://www.queenalice.com/game.php?id=898890"]
[Date "2011.2.11"]
[Round "1"]
[White "saimon"]
[Black "Catamarca"]
[Result "0-1"]
[WhiteElo "1441"]
[BlackElo "1756"]

1. d4 d6 2. Nf3 Nf6 3. Nc3 Nbd7 4. Be3 g6 5. Qd2 b6 6. O-O-O Bg7 7. g3 Bb7 8.
Bh3 O-O 9. g4 c5 10. g5 Bxf3 11. exf3 Nh5 0-1

[Event "AUTO-OPEN-2261"]
[Site "http://www.queenalice.com/game.php?id=898891"]
[Date "2011.2.11"]
[Round "1"]
[White "Catamarca"]
[Black "saimon"]
[Result "1-0"]
[WhiteElo "1752"]
[BlackElo "1445"]

1. e4 e5 2. Bc4 Nc6 3. Nf3 Nf6 4. Ng5 Nxe4 5. Qf3 Nxg5 6. Qb3 Nb4 7. a3 Nc6 8.
d3 Bd6 9. Bxg5 Qxg5 10. Bxf7+ Kd8 11. O-O Nd4 12. Nc3 1-0